Pripravovaný nový štátny vzdelávací program pre predprimárne vzdelávanie v materských školách

Ciele výchovy a vzdelávania v materskej škole. Obsah vzdelávania v materskej škole.

Saved in:
Bibliographic Details
Main Author: Brindzová, Zuzana
Format: Book Chapter
Language:Slovak
Subjects:
Tags: Add Tag
No Tags, Be the first to tag this record!

MARC

LEADER 00000nla a2200000 4500
001 0198600
005 20240502073345.4
041 0 |a slo 
044 |a SK 
245 1 0 |a Pripravovaný nový štátny vzdelávací program pre predprimárne vzdelávanie v materských školách  |c Zuzana Brindzová 
520 |a Ciele výchovy a vzdelávania v materskej škole. Obsah vzdelávania v materskej škole. 
610 2 0 |a školy 
610 2 0 |a deti 
610 2 0 |a vzdelávanie 
100 1 |a Brindzová, Zuzana